000 01078nam a22002177a 4500
001 8116
003 FISKH
005 20250827094133.0
008 250827b cb ||||| |||| 00| 0 eng d
020 _a9781407583679
040 _aFISKH
_beng
_cFISKH
_dFISKH
082 _a912
100 _aBeasant, Pamela
245 _aPicture Atlas :
_bBegin to discover our amazing world /
260 _aUK :
_bParragon,
_c2010.
300 _a47 pages :
_bcolor illustrations ;
_c28 cm
520 _aPicture Atlas by Pamela Beasant is a richly illustrated children’s reference book that explores the world’s continents, countries, and cultures. Each section presents maps alongside colorful drawings and photographs, helping young readers understand geography in a visual and engaging way. The book highlights landmarks, wildlife, people, traditions, and key facts about different regions. It encourages curiosity about the planet and introduces basic geographic concepts in an accessible format.
650 _aAround the world
_vGeography
942 _2ddc
_cBK
_n0
999 _c8116
_d8116